Marvel Spiderman: Homecoming - Which actor played which hero/person - Statistics

General Stats
  • This quiz has been taken 961 times
  • The average score is 7 of 11
Answer Stats
Hint Answer % Correct
Tom Holland Spiderman/Peter Parker
100%
Robert Downey.Jr Ironman/Tony Stark
98%
Chris Evans Captain America
85%
Gwenyth Paltrow Pepper Potts
73%
Marisa Tomei Aunt May
67%
Zendaya Michelle
65%
Jon Favreau Happy Hogan
61%
Michael Keaton Vulture
60%
Tony Revolori Flash
39%
Ned Jacob Batalon
34%
Laura Harrier Liz Allen
15%
No matching quizzes found
Score Distribution
Percent of People with Each Score
Percentile by Number Answered
Your Score History
You have not taken this quiz